Fundamentals of telecommunications (Record no. 568896)

000 -LEADER
fixed length control field 00799nam a22001937a 4500
003 - CONTROL NUMBER IDENTIFIER
control field CEME
005 - DATE AND TIME OF LATEST TRANSACTION
control field 20210628202217.0
008 - FIXED-LENGTH DATA ELEMENTS--GENERAL INFORMATION
fixed length control field 210209b xxu||||| |||| 00| 0 eng d
020 ## - INTERNATIONAL STANDARD BOOK NUMBER
International Standard Book Number 0-471-71045-8
040 ## - CATALOGING SOURCE
Transcribing agency .
082 ## - DEWEY DECIMAL CLASSIFICATION NUMBER
Classification number 621.382 FRE
100 ## - MAIN ENTRY--PERSONAL NAME
Personal name Freeman, Roger .L.
9 (RLIN) 57174
245 ## - TITLE STATEMENT
Title Fundamentals of telecommunications
250 ## - EDITION STATEMENT
Edition statement 2ND
260 ## - PUBLICATION, DISTRIBUTION, ETC.
Place of publication, distribution, etc. NEW JERSEY
Name of publisher, distributor, etc. JOHN WILEY
Date of publication, distribution, etc. 2005
300 ## - PHYSICAL DESCRIPTION
Extent XXIII,675P
650 ## - SUBJECT ADDED ENTRY--TOPICAL TERM
Topical term or geographic name entry element TELECOMMUNICATION..LOCAL AND LONG DISTANCE NETWORKS.DATA COMMUNICATIONS.LOCAL AREA NETWORKS.LAN.WAN.WIDE AREA NETWORKS.METROPOLITION AREA NETWORKS.CCITT SIGNALING SYSTEM.VOICE OVER PACKETS IN A PACKET NETWORK.TELEVISION TRANSMISSION.CATV.COMMUNITY ANTENNA TELEVISION.CABLE TELEVISION.CELLULAR AND PCS RADIO SYSTEMS.NETWORK MANAGEMENT.
9 (RLIN) 58780
942 ## - ADDED ENTRY ELEMENTS (KOHA)
Koha item type Book
Source of classification or shelving scheme
Holdings
Withdrawn status Lost status Damaged status Not for loan Permanent Location Current Location Shelving location Date acquired Total Checkouts Full call number Barcode Date last seen Price effective from Koha item type
        College of Electrical & Mechanical Engineering (CEME) College of Electrical & Mechanical Engineering (CEME) General Stacks 07/17/2017   621.382 FRE CEME-40868 06/28/2021 06/28/2021 Book
© 2023 Central Library, National University of Sciences and Technology. All Rights Reserved.